The magic carpet /

Guardado en:
Formato: Libro
Idioma:Undetermined
Publicado: 2015.
Materias:
Etiquetas: Agregar Etiqueta
Sin Etiquetas, Sea el primero en etiquetar este registro!
LEADER 00348nam a22001335a 4500
001 CEM.cems018936
008 211019s2015####xx############000#0#und#d
005 20211019183110.0
003 CEMS
245 1 0 |a The magic carpet /  |c Brendan Dunne. 
260 |c 2015. 
653 |a Texto Inglés 
653 |a Caja Inglés 1 
859 |a CEMS  |b BIB. CEMS - 11 de abril  |p SSR-168  |t Ej. 1